书目信息 |
| 题名: |
创意速写
|
|
| 作者: | 成文杰 编著 | |
| 分册: | 1 设计 | |
| 出版信息: | 南昌 江西美术出版社 2013 |
|
| 页数: | 255页 | |
| 开本: | 25cm | |
| 丛书名: | ||
| 单 册: | ||
| 中图分类: | G634.955.3 | |
| 科图分类: | ||
| 主题词: | 速写技法--高考--升学参考资料 , 速写技法 | |
| 电子资源: | ||
| ISBN: | 978-7-5480-2516-0 | |
| 000 | 00925nam0 2200289 450 | |
| 001 | 007026737 | |
| 005 | 20140611154525.59 | |
| 010 | @a978-7-5480-2516-0@dCNY58.00 | |
| 100 | @a20140212d2013 em y0chiy50 ea | |
| 101 | 0 | @achi |
| 102 | @aCN@b360000 | |
| 105 | @aa z 000yy | |
| 106 | @ar | |
| 200 | 1 | @a创意速写@9chuang yi su xie@dCreative sketch@i设计@h1@f成文杰编著@zeng |
| 210 | @a南昌@c江西美术出版社@d2013 | |
| 215 | @a255页@c图@d25cm | |
| 300 | @a教学对话 | |
| 304 | @a200字段依封面著录 | |
| 330 | @a本书讲解了大量的关于创意速写的基础知识,采用了化整为零的手法讲解每一个细节的绘制方法和呈现效果。 | |
| 510 | 1 | @aCreative sketch@zeng |
| 512 | 1 | @a创意速写白皮书@9chuang yi su xie bai pi shu |
| 606 | 0 | @a速写技法@x高考@j升学参考资料 |
| 606 | 0 | @a速写技法 |
| 690 | @aG634.955.3@v5 | |
| 701 | 0 | @a成文杰@9cheng wen jie@4编著 |
| 801 | 0 | @aCN@bNLC@c20140304 |
| 905 | @b548593-95@dG634.955.3@e1126@f3 | |
| 创意速写=Creative sketch.设计.1/成文杰编著.-南昌:江西美术出版社,2013 |
| 255页:图;25cm |
| 教学对话 |
| ISBN 978-7-5480-2516-0:CNY58.00 |
| 本书讲解了大量的关于创意速写的基础知识,采用了化整为零的手法讲解每一个细节的绘制方法和呈现效果。 |
| ● |
| 相关链接 |
|
|
|
|
正题名:创意速写
索取号:G634.955.3/1126
 
预约/预借
| 序号 | 登录号 | 条形码 | 馆藏地/架位号 | 状态 | 备注 |
| 1 | 548593 | 205485937 | 第一样本阅览室/ [索取号:G634.955.3/1126] | 在馆 | |
| 2 | 548594 | 205485946 | 第四借阅区/ [索取号:G634.955.3/1126] | 在馆 | |
| 3 | 548595 | 205485955 | 密集书库-美术系/ [索取号:G634.955.3/1126] | 在馆 |